000 01276cam a2200349 i 4500
999 _c9664
_d9664
001 18140347
003 GBCCL
005 20241126110716.0
008 140506s2015 ilu 001 0 eng
010 _a 2014009505
020 _a9781433546136 (hc)
040 _aDLC
_beng
_cDLC
_erda
_dDLC
042 _apcc
050 0 0 _aBS1325.53
_b.W663 2015
082 0 0 _a220.7
_a222.4407
_223
_bPRE
100 1 _aWoodhouse, John,
_d1949-
_eauthor.
_916808
245 1 0 _a2 Samuel :
_byour kingdom come /
_cJohn Woodhouse ; R. Kent Hughes, series editor.
246 3 _aSecond Samuel
264 1 _aWheaton, Illinois :
_bCrossway,
_c[2015]
300 _a711 pages ;
_c24 cm.
336 _atext
_btxt
_2rdacontent
337 _aunmediated
_bn
_2rdamedia
338 _avolume
_bnc
_2rdacarrier
490 0 _aPreaching the word
500 _aIncludes indexes.
630 0 0 _aBible.
_pSamuel, 1st
_vCommentaries.
_915619
700 1 _aHughes, R. Kent,
_d1942-
_eeditor.
_9917
776 0 8 _iOnline version:
_aWoodhouse, John, 1949- author.
_t2 Samuel
_dWheaton, Illinois : Crossway, 2015
_z9781433546143
_w(DLC) 2014018267
906 _a7
_bcbc
_corignew
_d1
_eecip
_f20
_gy-gencatlg
942 _2ddc
_cREF